000 00393cam a2200181 4500
001 D11955
008 090401t1963 xxu||||| |||| 00| 0 eng d
035 _a(Sirsi) u385
041 _aeng
100 _aAldridge, Trevor M.
245 _aBoundaries, Walls and fences
250 _a2nd
260 _bOyez
_c1963
350 _a0
520 _aShelf 113
942 _n0
948 _c04/03/1997
999 _c85545
_d85545